Loading...
Social Science | 2 | 2 | 1 | 0 | 45 | 54 | 81.25 | 3 | 4 |
Auditory Arts | 2 | 0 | 0 | 0 | 30 | 44 | 54.50 | 2 | 2 |
Literature - British Literature | 2 | 0 | 0 | 0 | 30 | 41 | 49.00 | 1 | 2 |
Science - Chemistry | 1 | 1 | 0 | 0 | 25 | 58 | 70.50 | 2 | 2 |
Literature - European Literature | 1 | 1 | 0 | 0 | 25 | 46 | 81.00 | 1 | 2 |
Science - Biology | 1 | 1 | 0 | 0 | 25 | 59 | 69.00 | 1 | 2 |
History - World History | 1 | 0 | 0 | 0 | 15 | 25 | 25.00 | 1 | 1 |
Literature - American Literature | 0 | 2 | 1 | 0 | 15 | 77 | 82.50 | 2 | 2 |
Philosophy | 1 | 0 | 0 | 0 | 15 | 66 | 66.00 | 1 | 1 |
Visual Arts | 0 | 1 | 0 | 0 | 10 | 113 | 113.00 | 0 | 1 |
Fine Arts - Other Arts | 0 | 1 | 0 | 0 | 10 | 95 | 95.00 | 0 | 1 |
History - European History | 0 | 1 | 0 | 0 | 10 | 124 | 124.00 | 0 | 1 |
Other Academic | 0 | 1 | 0 | 0 | 10 | 97 | 97.00 | 1 | 1 |
Science - Other Science | 0 | 1 | 0 | 0 | 10 | 117 | 117.00 | 1 | 1 |
Science - Physics | 1 | 0 | 1 | 0 | 10 | 39 | 39.00 | 1 | 1 |
Current Events | 0 | 0 | 1 | 0 | -5 | 0.00 | 0 | 0 | |
Literature - World Literature | 0 | 0 | 2 | 0 | -10 | 0.00 | 0 | 0 |